<?xml version="1.0" encoding="UTF-8"?>
<record
    xmlns:xsi="http://www.w3.org/2001/XMLSchema-instance"
    xsi:schemaLocation="http://www.loc.gov/MARC21/slim http://www.loc.gov/standards/marcxml/schema/MARC21slim.xsd"
    xmlns="http://www.loc.gov/MARC21/slim">

  <leader>01427nam a2200337 i 4500</leader>
  <datafield tag="999" ind1=" " ind2=" ">
    <subfield code="c">358163</subfield>
    <subfield code="d">358163</subfield>
  </datafield>
  <controlfield tag="001">000000435061</controlfield>
  <controlfield tag="003">IT-MiSPE</controlfield>
  <controlfield tag="005">20190323155803.0</controlfield>
  <controlfield tag="008">181123s2018    it            001 u ita d</controlfield>
  <datafield tag="020" ind1=" " ind2=" ">
    <subfield code="a">9788882275266</subfield>
    <subfield code="c">60.00 EUR</subfield>
  </datafield>
  <datafield tag="040" ind1=" " ind2=" ">
    <subfield code="a">IT-MiSPE</subfield>
    <subfield code="b">ita</subfield>
    <subfield code="d">IT-MiSPE</subfield>
    <subfield code="e">IT-MiSPE</subfield>
    <subfield code="c">IT-MiSPE</subfield>
  </datafield>
  <datafield tag="082" ind1=" " ind2=" ">
    <subfield code="a">223.2-SAL MON lu (23234)</subfield>
  </datafield>
  <datafield tag="100" ind1="1" ind2=" ">
    <subfield code="a">Monti, Ludwig,</subfield>
    <subfield code="d">1974-,</subfield>
    <subfield code="e">autore.</subfield>
    <subfield code="9">57673</subfield>
  </datafield>
  <datafield tag="245" ind1="1" ind2="2">
    <subfield code="a">I Salmi: preghiera e vita :</subfield>
    <subfield code="b">commento al Salterio /</subfield>
    <subfield code="c">Ludwig Monti, monaco di Bose ; prefazione del cardinale Gianfranco Ravasi ; presentazione di Enzo Bianchi, fondatore di Bose.</subfield>
  </datafield>
  <datafield tag="264" ind1=" " ind2="4">
    <subfield code="c">&#xA9;2018.</subfield>
  </datafield>
  <datafield tag="264" ind1=" " ind2="1">
    <subfield code="a">Magnano (BI) :</subfield>
    <subfield code="b">Edizioni Qiqajon Comunit&#xE0; di Bose,</subfield>
    <subfield code="c">[2018]</subfield>
  </datafield>
  <datafield tag="300" ind1=" " ind2=" ">
    <subfield code="a">1889 pagine ;</subfield>
    <subfield code="c">22 cm</subfield>
  </datafield>
  <datafield tag="336" ind1=" " ind2=" ">
    <subfield code="a">testo</subfield>
    <subfield code="b">txt</subfield>
    <subfield code="2">rdacontent</subfield>
  </datafield>
  <datafield tag="337" ind1=" " ind2=" ">
    <subfield code="a">senza mediazione</subfield>
    <subfield code="b">n</subfield>
    <subfield code="2">rdamedia</subfield>
  </datafield>
  <datafield tag="338" ind1=" " ind2=" ">
    <subfield code="a">volume</subfield>
    <subfield code="b">nc</subfield>
    <subfield code="2">rdacarrier</subfield>
  </datafield>
  <datafield tag="490" ind1="1" ind2=" ">
    <subfield code="a">Spiritualit&#xE0; biblica</subfield>
  </datafield>
  <datafield tag="504" ind1=" " ind2=" ">
    <subfield code="a">Bibliografia (pp. 1757-1793) e indici</subfield>
  </datafield>
  <datafield tag="630" ind1="0" ind2="4">
    <subfield code="a">Biblia.</subfield>
    <subfield code="p">V.T.</subfield>
    <subfield code="p">Psalmi</subfield>
    <subfield code="x">Commenti italiano.</subfield>
    <subfield code="9">57674</subfield>
  </datafield>
  <datafield tag="655" ind1=" " ind2="7">
    <subfield code="a">Sacra Scrittura. Studi sul Vecchio Testamento</subfield>
    <subfield code="x">Salmi.</subfield>
    <subfield code="2">local</subfield>
    <subfield code="9">57675</subfield>
  </datafield>
  <datafield tag="700" ind1="1" ind2=" ">
    <subfield code="a">Ravasi, Gianfranco,</subfield>
    <subfield code="c">cardinale,</subfield>
    <subfield code="d">1942-,</subfield>
    <subfield code="e">autore di introduzione.</subfield>
    <subfield code="9">57676</subfield>
  </datafield>
  <datafield tag="700" ind1="1" ind2=" ">
    <subfield code="a">Bianchi, Enzo,</subfield>
    <subfield code="d">1943-,</subfield>
    <subfield code="e">autore di introduzione.</subfield>
    <subfield code="9">57019</subfield>
  </datafield>
  <datafield tag="730" ind1="0" ind2="2">
    <subfield code="a">Biblia.</subfield>
    <subfield code="p">V.T.</subfield>
    <subfield code="p">Psalmi.</subfield>
    <subfield code="l">Italiano.</subfield>
    <subfield code="9">57677</subfield>
  </datafield>
  <datafield tag="830" ind1=" " ind2="0">
    <subfield code="a">Spiritualit&#xE0; biblica [Edizioni Qiqajon-Comunit&#xE0; di Bose].</subfield>
    <subfield code="9">57678</subfield>
  </datafield>
  <datafield tag="942" ind1=" " ind2=" ">
    <subfield code="2">ddc</subfield>
    <subfield code="c">BK</subfield>
  </datafield>
  <datafield tag="952" ind1=" " ind2=" ">
    <subfield code="0">0</subfield>
    <subfield code="1">0</subfield>
    <subfield code="2">ddc</subfield>
    <subfield code="4">0</subfield>
    <subfield code="6">223_000000000000000_2SAL_MON_LU_23234</subfield>
    <subfield code="7">1</subfield>
    <subfield code="a">CINISELLO</subfield>
    <subfield code="b">CINISELLO</subfield>
    <subfield code="d">2019-03-23</subfield>
    <subfield code="l">0</subfield>
    <subfield code="o">223.2-SAL MON lu (23234)</subfield>
    <subfield code="p">9788882275266</subfield>
    <subfield code="r">2019-03-23 00:00:00</subfield>
    <subfield code="w">2019-03-23</subfield>
    <subfield code="y">BK</subfield>
  </datafield>
</record>
